Informe sobre estudios geológico-economicos en la Provincia de Catamarca, (Record no. 26231)

MARC details
000 -LEADER
fixed length control field 00818cam a22002171 4500
001 - CONTROL NUMBER
control field gs 23000146
003 - CONTROL NUMBER IDENTIFIER
control field DLC
005 - DATE AND TIME OF LATEST TRANSACTION
control field 20260227111327.0
008 - FIXED-LENGTH DATA ELEMENTS--GENERAL INFORMATION
fixed length control field 891016s1922 ag ab 000 0 spa
010 ## - LIBRARY OF CONGRESS CONTROL NUMBER
LC control number gs 23000146
035 ## - SYSTEM CONTROL NUMBER
System control number (OCoLC)20496367
040 ## - CATALOGING SOURCE
Original cataloging agency DLC
Transcribing agency CU
Modifying agency CU
-- DLC
042 ## - AUTHENTICATION CODE
Authentication code premarc
050 00 - LIBRARY OF CONGRESS CALL NUMBER
Classification number QE231
Item number .A28 no. 31
100 1# - MAIN ENTRY--PERSONAL NAME
Personal name Beder, Robert,
Dates associated with a name 1885-
245 10 - TITLE STATEMENT
Title Informe sobre estudios geológico-economicos en la Provincia de Catamarca,
Statement of responsibility, etc. por el Dr. Roberto Beder ...
260 ## - PUBLICATION, DISTRIBUTION, ETC.
Place of publication, distribution, etc. Buenos Aires,
Name of publisher, distributor, etc. Talleres gráficos del Ministerio de agricultura de la nación,
Date of publication, distribution, etc. 1922.
300 ## - PHYSICAL DESCRIPTION
Extent 57 p.
Other physical details 12 pl. (incl. diagr.) fold. map.
Dimensions 27 cm.
410 10 - SERIES STATEMENT/ADDED ENTRY--CORPORATE NAME [OBSOLETE, CAN/MARC], [LOCAL, USA]
Corporate name or jurisdiction name as entry element Argentina.
Subordinate unit Dirección General de Minas y Geología.
Title of a work Boletin
Volume number/sequential designation no. 31. Ser. B (Geologia)
650 #0 - SUBJECT ADDED ENTRY--TOPICAL TERM
Topical term or geographic name entry element Geology, Economic
Geographic subdivision Argentina
-- Catamarca.

No items available.

Powered by Koha